[Event "DVM U14w 2012"]
[Site "Magdeburg GER"]
[Date "2012.12.28"]
[Round "4"]
[White "Du, Katharina"]
[Black "Sewald, Kathrin"]
[Result "1/2-1/2"]
[Termination "normal"]
[Board "6.2"]
[WhiteElo "1544"]
[BlackElo "1335"]
[WhiteTeam "SV Empor Berlin"]
[BlackTeam "SG Porz"]
[WhiteFideId "12945757"]
[BlackFideId "12964557"]
[EventCountry "GER"]
[EventRounds "7"]
[EventType "team-swiss"]
[EventDate "2012.12.26"]

1. e4 e5 2. Nf3 Nc6 3. d3 Nf6 4. Be2 h6 5. O-O Be7 6. Be3 O-O 7. Nbd2 d6 8. h3
Be6 9. c3 d5 10. exd5 Qxd5 11. Qb3 Bd6 12. Nh2 Na5 13. Qxd5 Bxd5 14. Ng4 Nd7
15. Bf3 Be6 16. Nb3 Bxb3 17. axb3 Nxb3 18. Bxb7 Nxa1 19. Bxa8 f5 20. Bd5+ Kh8
21. Rxa1 fxg4 22. hxg4 Bc5 23. Bxc5 Nxc5 24. Bc4 e4 25. dxe4 Nxe4 26. f3 Nd6
27. Bd5 Nc8 28. Be6 Nd6 29. Rxa7 c6 30. Ra6 Rf6 31. Bd7 Nc4 32. Rxc6 Rxc6 33.
Bxc6 Nxb2 34. Bd5 g6 35. Kf1 Kg7 36. Ke2 Kf6 37. f4 Ke7 38. c4 Kd6 39. Bf7 g5
40. f5 Ke5 41. Ke3 Nd1+ 42. Kf3 Nb2 43. Be6 Na4 44. Ke3 Nc5 45. Bd5 Na4 46. g3
Nc5 47. Kd2 Na4 48. Kc2 Nb6 49. Kc3 Nd7 50. Be6 Nf6 51. c5 Nxg4 52. Kb4 Nf6 53.
c6 Ne8 54. Kc5 h5 55. Bf7 Nd6 56. c7 Nc8 57. Be6 Ne7 58. c8=Q Nxc8 59. Bxc8 g4
60. f6 Kxf6 61. Bxg4 hxg4 62. Kd4 Kf5 63. Kd5 Kf6 64. Kd4 Kf5 65. Kd3 Ke5 66.
Ke3 Kf5 67. Kd4 Kf6 68. Kd3 Ke5 69. Ke3 Kf5 70. Kd4 Kf6 71. Ke4 Kg5 72. Ke5 Kg6
73. Kf4 Kh5 74. Kf5 Kh6 75. Kxg4 Kg6 76. Kh4 Kh6 77. g4 Kg6 78. Kh3 Kh7 79. Kg3
Kg7 80. Kf3 Kf6 81. Kf4 Kg6 82. Kg3 Kg5 83. Kf3 Kg6 84. Kf4 Kf6 85. Kg3 Kg5 86.
Kf3 Kg6 87. Ke4 Kg5 88. Kf3 Kg6 89. Kf4 Kf6 90. Kf3 1/2-1/2

[Event "DVM U14w 2012"]
[Site "Magdeburg GER"]
[Date "2012.12.28"]
[Round "4"]
[White "Schröter, Sophie"]
[Black "Berdin, Victoria"]
[Result "0-1"]
[Termination "normal"]
[Board "6.3"]
[WhiteElo "1103"]
[BlackElo "1382"]
[WhiteTeam "SG Porz"]
[BlackTeam "SV Empor Berlin"]
[WhiteFideId "12941786"]
[EventCountry "GER"]
[EventRounds "7"]
[EventType "team-swiss"]
[EventDate "2012.12.26"]

1. e4 e5 2. Nf3 Nc6 3. Bb5 a6 4. Bxc6 dxc6 5. d4 Bg4 6. c3 exd4 7. Qxd4 Bxf3 8.
gxf3 Qd6 9. Qxd6 cxd6 10. Be3 O-O-O 11. Nd2 g6 12. Bd4 f6 13. O-O-O Bg7 14.
Rhe1 Ne7 15. h4 c5 16. Be3 Nc6 17. Nc4 Bf8 18. Bf4 Kc7 19. Kb1 Ne5 20. Nxe5
dxe5 21. Be3 Rxd1+ 22. Rxd1 Bd6 23. c4 h6 24. Rg1 g5 25. h5 Rf8 26. Rd1 f5 27.
Rd5 b6 28. a3 fxe4 29. fxe4 Rf3 30. Rd1 Rh3 31. Rg1 Rxh5 32. Kc2 Rh3 33. b4
cxb4 34. axb4 Bxb4 35. Rb1 a5 36. Rb3 Rh4 37. Kb2 Rxe4 0-1

[Event "DVM U14w 2012"]
[Site "Magdeburg GER"]
[Date "2012.12.28"]
[Round "4"]
[White "Alcer, Johanna"]
[Black "Maier, Nicole"]
[Result "0-1"]
[Termination "normal"]
[Board "6.4"]
[WhiteElo "923"]
[BlackElo "930"]
[WhiteTeam "SV Empor Berlin"]
[BlackTeam "SG Porz"]
[WhiteFideId "12964450"]
[BlackFideId "12964573"]
[EventCountry "GER"]
[EventRounds "7"]
[EventType "team-swiss"]
[EventDate "2012.12.26"]

1. e4 e5 2. Nf3 Nc6 3. Bc4 Nf6 4. Nc3 Bc5 5. O-O O-O 6. d3 d6 7. h3 h6 8. Be3
Bb6 9. Re1 Be6 10. Bb3 Bd4 11. Bxd4 Nxd4 12. Nxd4 exd4 13. Ne2 c5 14. Nf4 Bxb3
15. axb3 Re8 16. c3 dxc3 17. bxc3 b6 18. f3 a5 19. b4 Re7 20. Qb3 Rea7 21. d4
Qc7 22. Nd3 c4 23. Qc2 cxd3 24. Qxd3 Qc8 25. e5 dxe5 26. Rxe5 Rc7 27. Ra3 axb4
28. Rxa8 Qxa8 29. cxb4 Rc1+ 30. Kf2 Qa2+ 31. Re2 Qc4 32. Rd2 Qxb4 33. Ra2 Qe1#
0-1

[Event "DVM U14w 2012"]
[Site "Magdeburg GER"]
[Date "2012.12.28"]
[Round "4"]
[White "Hund, Sarah"]
[Black "Semenova, Alisa"]
[Result "1-0"]
[Termination "normal"]
[Board "7.1"]
[WhiteElo "1859"]
[BlackElo "1579"]
[WhiteTeam "SK Freiburg Zähringen 1887"]
[BlackTeam "SK Neumarkt"]
[WhiteFideId "12923338"]
[BlackFideId "1272132"]
[EventCountry "GER"]
[EventRounds "7"]
[EventType "team-swiss"]
[EventDate "2012.12.26"]

1. e4 c5 2. Nf3 Nc6 3. d4 cxd4 4. Nxd4 g6 5. Be3 Bg7 6. Nc3 Nf6 7. f3 O-O 8.
Be2 d5 9. Nxc6 bxc6 10. e5 Nd7 11. f4 Bb7 12. O-O e6 13. Na4 f6 14. Nc5 Nxc5
15. Bxc5 Rf7 16. Bg4 Qd7 17. exf6 Bxf6 18. Re1 Re8 19. c3 Bc8 20. Re3 Qc7 21.
Qe2 Qxf4 22. Bxe6 Bxe6 23. Rxe6 Rxe6 24. Qxe6 Qc7 25. Rf1 Kg7 26. Re1 Qd7 27.
Qxd7 Rxd7 28. Re6 Rc7 29. Kf1 Kf7 30. Re2 Be7 31. Rxe7+ Rxe7 32. Bxe7 Kxe7 33.
Ke2 c5 34. Ke3 Ke6 35. b4 cxb4 36. cxb4 Ke5 37. a4 d4+ 38. Kd3 Kd5 39. h4 h6
40. g4 g5 41. h5 Ke5 42. b5 Kd5 43. a5 Kc5 44. b6 1-0

[Event "DVM U14w 2012"]
[Site "Magdeburg GER"]
[Date "2012.12.28"]
[Round "4"]
[White "Schilay, Eva"]
[Black "Lohrmann, Tabea"]
[Result "1/2-1/2"]
[Termination "normal"]
[Board "7.2"]
[WhiteElo "1124"]
[BlackElo "1461"]
[WhiteTeam "SK Neumarkt"]
[BlackTeam "SK Freiburg Zähringen 1887"]
[WhiteFideId "12930164"]
[BlackFideId "12911941"]
[EventCountry "GER"]
[EventRounds "7"]
[EventType "team-swiss"]
[EventDate "2012.12.26"]

1. e4 e5 2. Bc4 Nf6 3. Nc3 Bc5 4. d3 Nc6 5. Bg5 d6 6. Nd5 Be6 7. Nxf6+ gxf6 8.
Be3 Qd7 9. Qd2 O-O-O 10. O-O-O Kb8 11. Ne2 Rhg8 12. Rhg1 Bxe3 13. fxe3 d5 14.
Bb5 Bg4 15. Rgf1 Qe6 16. h3 Bxe2 17. Qxe2 d4 18. Bc4 Qe7 19. exd4 Nxd4 20. Qf2
Rg6 21. g4 Ne6 22. Bxe6 fxe6 23. d4 exd4 24. Rxd4 Rxd4 25. Qxd4 a6 26. Rd1 Rg8
27. Qd7 Qxd7 28. Rxd7 h6 29. Rf7 Rg6 30. Kd2 b5 31. b3 Kb7 32. a4 Kb6 33. axb5
axb5 34. Kc3 c6 35. Re7 e5 36. Re6 Kc5 37. b4+ Kb6 38. Kb3 h5 39. g5 Rxg5 40.
c3 Rg6 41. h4 Rg4 42. Rxf6 Rxe4 43. Rf5 Rxh4 44. Rxe5 Rh2 45. Re6 h4 46. Rh6 h3
47. Rh4 Kc7 48. Rh7+ Kd6 49. Rh6+ Kd5 50. Rh5+ Ke4 51. c4 bxc4+ 52. Kxc4 Kf3
53. Kc5 Rc2+ 54. Kb6 Kg4 55. Rh8 Kg3 56. Rg8+ Kf3 57. Rh8 Kg2 58. Rg8+ Kh1 59.
Kc7 h2 60. Kb6 Rb2 61. Kc5 Rg2 62. Rd8 Kg1 63. Rd1+ Kf2 64. Rh1 Kg3 1/2-1/2

[Event "DVM U14w 2012"]
[Site "Magdeburg GER"]
[Date "2012.12.28"]
[Round "4"]
[White "Cejda, Cecilia"]
[Black "Schilay, Maria"]
[Result "1-0"]
[Termination "normal"]
[Board "7.3"]
[WhiteElo "1357"]
[BlackElo "1115"]
[WhiteTeam "SK Freiburg Zähringen 1887"]
[BlackTeam "SK Neumarkt"]
[WhiteFideId "12921122"]
[BlackFideId "12942979"]
[EventCountry "GER"]
[EventRounds "7"]
[EventType "team-swiss"]
[EventDate "2012.12.26"]

1. e4 e5 2. Nf3 Nc6 3. Bc4 Nf6 4. Ng5 d5 5. exd5 Nd4 6. c3 b5 7. Bd3 Nxd5 8.
cxd4 Qxg5 9. Bxb5+ Kd8 10. Qf3 Bb7 11. Qxf7 Be7 12. Qe6 Nb6 13. Bc6 Rb8 14.
Bxb7 Rxb7 15. O-O exd4 16. Qe4 Qd5 17. Qg4 g6 18. Re1 h5 19. Qxg6 Rg8 20. Qe4
h4 21. Qxd5+ Nxd5 22. d3 h3 23. g3 Rb8 24. Re5 Nf4 25. Bxf4 Rxb2 26. Rd5+ Kc8
27. Rxd4 Re2 28. Nc3 Re6 29. Nd5 c5 30. Nxe7+ Rxe7 31. Rc4 Rd7 32. Rxc5+ Kd8
33. Rd1 Rd4 34. Rc7 Rxf4 35. Rxa7 Rd4 36. Ra8+ Kd7 37. Rxg8 Ra4 38. Rh8 Rxa2
39. Rxh3 Ra6 40. Rh7+ Ke8 41. Rb1 Rd6 42. Rbb7 Rxd3 43. Rh8# 1-0

[Event "DVM U14w 2012"]
[Site "Magdeburg GER"]
[Date "2012.12.28"]
[Round "4"]
[White "Held, Fabienne"]
[Black "Atabay, Hatun"]
[Result "0-1"]
[Termination "normal"]
[Board "7.4"]
[WhiteElo "766"]
[BlackElo "1116"]
[WhiteTeam "SK Neumarkt"]
[BlackTeam "SK Freiburg Zähringen 1887"]
[WhiteFideId "12964670"]
[BlackFideId "12929603"]
[EventCountry "GER"]
[EventRounds "7"]
[EventType "team-swiss"]
[EventDate "2012.12.26"]

1. e4 e5 2. Nf3 Nc6 3. Nc3 Nf6 4. Bb5 Bc5 5. d3 a6 6. Bc4 d6 7. Ng5 O-O 8. O-O
h6 9. Nf3 Bg4 10. h3 Bh5 11. Bd2 Nd4 12. Nd5 Bxf3 13. gxf3 c6 14. Nc3 d5 15.
Bb3 Qd7 16. Be3 Qxh3 17. Bxd4 exd4 18. Ne2 Bd6 19. f4 Nh5 20. e5 Bc7 21. c4
Qg4+ 22. Ng3 Qxd1 23. Raxd1 Nxf4 24. Rfe1 Rfe8 25. cxd5 cxd5 26. Ba4 b5 27. Bb3
Ba5 28. Rf1 Rxe5 29. Bc2 Rc8 30. Bb3 Rg5 31. Rc1 Ne2+ 32. Kh2 Nxc1 33. Rg1 Nxd3
34. Kg2 Re8 35. Rf1 Bc7 36. Bc2 Re2 37. Bxd3 Rxg3+ 38. Kh2 Rxd3+ 39. Kg1 Rxb2
40. Re1 Rdd2 41. Re8+ Kh7 42. Re1 Rxf2 43. a4 Bg3 44. Rd1 bxa4 45. Rc1 a3 46.
Rd1 a2 47. Rc1 Rb1 48. Rxb1 axb1=R# 0-1

[Event "DVM U14w 2012"]
[Site "Magdeburg GER"]
[Date "2012.12.28"]
[Round "4"]
[White "Schumann, Rabea"]
[Black "Nguyen, Ha Thanh"]
[Result "1-0"]
[Termination "normal"]
[Board "8.1"]
[WhiteElo "1383"]
[BlackElo "1299"]
[WhiteTeam "SG Güstrow/Teterow"]
[BlackTeam "SV Empor Erfurt"]
[WhiteFideId "12918199"]
[BlackFideId "12942154"]
[EventCountry "GER"]
[EventRounds "7"]
[EventType "team-swiss"]
[EventDate "2012.12.26"]

1. c4 e5 2. g3 Nc6 3. Bg2 Nf6 4. e3 Be7 5. Nc3 O-O 6. Nge2 d6 7. O-O Be6 8. b3
d5 9. cxd5 Nxd5 10. Bb2 Qd7 11. d4 exd4 12. Nxd4 Nxc3 13. Bxc3 Bg4 14. Qc2 Nxd4
15. Bxd4 c6 16. Be4 g6 17. f3 Bf5 18. Bxf5 Qxf5 19. e4 Qd7 20. Rad1 Qc7 21. Rd3
b6 22. Rfd1 Rfd8 23. Qc3 Rxd4 24. Rxd4 Bc5 25. Kg2 Bxd4 26. Qxd4 Qe7 27. f4 Qa3
28. Rd2 Re8 29. g4 Qc1 30. Rf2 Qb1 31. e5 c5 32. Qd5 Kg7 33. f5 g5 34. Re2 Qa1
35. e6 fxe6 36. Qd7+ Kf8 37. fxe6 Re7 38. Rf2+ Kg8 39. Qxe7 Qg7 40. Qxg7+ Kxg7
41. e7 Kg6 42. e8=Q+ Kg7 43. Qf7+ Kh6 44. Qf6# 1-0

[Event "DVM U14w 2012"]
[Site "Magdeburg GER"]
[Date "2012.12.28"]
[Round "4"]
[White "Allin, Katharina"]
[Black "Zoll, Cindy"]
[Result "1-0"]
[Termination "normal"]
[Board "8.2"]
[WhiteElo "1286"]
[BlackElo "1058"]
[WhiteTeam "SV Empor Erfurt"]
[BlackTeam "SG Güstrow/Teterow"]
[WhiteFideId "12903779"]
[BlackFideId "12964638"]
[EventCountry "GER"]
[EventRounds "7"]
[EventType "team-swiss"]
[EventDate "2012.12.26"]

1. e4 e5 2. Nf3 Nc6 3. Bc4 Bc5 4. c3 Nf6 5. d3 d5 6. exd5 Nxd5 7. Qb3 Be6 8.
Qxb7 Nde7 9. Qb5 Bd6 10. Bxe6 fxe6 11. Bg5 Rb8 12. Qa4 O-O 13. Qc4 Qd7 14. b3
Na5 15. Qe4 Ng6 16. O-O Nc6 17. Nbd2 Nce7 18. Nc4 Rb5 19. Rfe1 Qc6 20. Bxe7
Nxe7 21. Nfxe5 Bxe5 22. Nxe5 Qxc3 23. Nd7 Rf7 24. Qxe6 Qd4 25. Ne5 Qxf2+ 26.
Kh1 Rb6 27. Qxf7+ Qxf7 28. Nxf7 Kxf7 29. Rac1 Nd5 30. Re5 Rd6 31. Rc5 Rf6 32.
h3 c6 33. Ra5 Nf4 34. Rxa7+ Kg6 35. Ree7 Nh5 36. g4 Nf4 37. Rxg7+ Kh6 38. Rxh7+
Kg6 39. Rag7# 1-0

[Event "DVM U14w 2012"]
[Site "Magdeburg GER"]
[Date "2012.12.28"]
[Round "4"]
[White "Jörs, Pia-Milena"]
[Black "Rieger, Lotta"]
[Result "1-0"]
[Termination "normal"]
[Board "8.3"]
[WhiteElo "1132"]
[BlackElo "1062"]
[WhiteTeam "SG Güstrow/Teterow"]
[BlackTeam "SV Empor Erfurt"]
[WhiteFideId "12964646"]
[BlackFideId "12964620"]
[EventCountry "GER"]
[EventRounds "7"]
[EventType "team-swiss"]
[EventDate "2012.12.26"]

1. e4 e5 2. Nf3 Nc6 3. Bc4 Bc5 4. c3 Nf6 5. d4 exd4 6. cxd4 Bb4+ 7. Bd2 Bxd2+
8. Nbxd2 d6 9. d5 Ne5 10. Nxe5 dxe5 11. O-O O-O 12. Bb5 a6 13. Ba4 b5 14. Bc2
Ne8 15. h3 Qg5 16. Nf3 Qg6 17. Nxe5 Qg5 18. Nf3 Qh6 19. Qc1 Qg6 20. e5 Qh6 21.
Qxh6 gxh6 22. Rad1 Kh8 23. Kh2 Rg8 24. Bb3 Rg7 25. d6 cxd6 26. exd6 Bd7 27. Ne5
f6 28. Nxd7 Rxd7 29. Be6 Rxd6 30. Rxd6 Nxd6 31. Rd1 Ne4 32. Bf5 Ng5 33. Rd7 Rf8
34. Ra7 Rf7 35. Rxa6 Kg7 36. h4 Re7 37. hxg5 hxg5 38. Rb6 Re2 39. Rxb5 Rxf2 40.
Rb7+ Kf8 41. Bxh7 Rf4 42. Bg6 Rh4+ 43. Kg3 Rf4 44. b4 Rf1 45. b5 Ra1 46. Ra7
Rc1 47. b6 Rc3+ 48. Kh2 Rc4 49. b7 Rh4+ 50. Kg3 Rb4 51. Ra8+ Kg7 52. b8=Q Rxb8
53. Rxb8 Kxg6 54. a4 Kf5 55. a5 Ke5 56. a6 Kf5 57. a7 Ke6 58. a8=Q Kf5 59. Re8
Kg6 60. Qe4+ Kg7 61. Re7+ Kg8 62. Qa8# 1-0

[Event "DVM U14w 2012"]
[Site "Magdeburg GER"]
[Date "2012.12.28"]
[Round "4"]
[White "Schulz, Theresa Charlotte"]
[Black "Schubert, Lea Sophie"]
[Result "1-0"]
[Termination "normal"]
[Board "8.4"]
[WhiteElo "964"]
[BlackElo "866"]
[WhiteTeam "SV Empor Erfurt"]
[BlackTeam "SG Güstrow/Teterow"]
[WhiteFideId "12952206"]
[EventCountry "GER"]
[EventRounds "7"]
[EventType "team-swiss"]
[EventDate "2012.12.26"]

1. e4 e5 2. Nf3 Nc6 3. Bc4 Bc5 4. Nc3 Nf6 5. Nxe5 Nxe5 6. d4 Nxc4 7. dxc5 Ne5
8. Bg5 h6 9. Bh4 Qe7 10. Nd5 Qe6 11. Nxc7+ Kd8 12. Nxe6+ fxe6 13. Bxf6+ gxf6
14. Qd2 Rg8 15. Qxh6 f5 16. Qf6+ Ke8 17. Qxe5 b6 18. cxb6 axb6 19. exf5 Rg5 20.
Qe4 Ra5 21. Qh4 Rg8 22. fxe6 Re5+ 23. Kf1 Rxe6 24. Re1 Ba6+ 25. Re2 Bxe2+ 26.
Ke1 Bg4+ 27. Kd2 Rd6+ 28. Kc3 b5 29. Re1+ Kf7 30. Qe7+ Kg6 31. Qxd6+ Kh7 32.
Re7+ Rg7 33. Rxg7+ Kxg7 34. Qg3 Kf6 35. Qxg4 Ke7 1-0

[Event "DVM U14w 2012"]
[Site "Magdeburg GER"]
[Date "2012.12.28"]
[Round "4"]
[White "Winterberg, Johanna"]
[Black "G., Diana"]
[Result "1-0"]
[Termination "normal"]
[Board "9.1"]
[WhiteElo "1327"]
[BlackElo "1151"]
[WhiteTeam "SV Breitenworbis"]
[BlackTeam "Hamburger SK von 1830"]
[WhiteFideId "12929344"]
[BlackFideId "12964700"]
[EventCountry "GER"]
[EventRounds "7"]
[EventType "team-swiss"]
[EventDate "2012.12.26"]

1. e4 d6 2. d4 Nf6 3. Nc3 g6 4. Nf3 Bg7 5. e5 dxe5 6. dxe5 Qxd1+ 7. Nxd1 Ng4 8.
Bf4 Nc6 9. Bb5 Bd7 10. Bxc6 Bxc6 11. e6 O-O 12. Rg1 fxe6 13. Bxc7 e5 14. Nd2
Nxh2 15. f3 Rf5 16. Rh1 Rh5 17. Kf2 Ng4+ 18. Kg1 Rxh1+ 19. Kxh1 Rc8 20. Ba5 Nf6
21. Nf2 Bb5 22. Bc3 Nd5 23. Nfe4 Nxc3 24. Nxc3 Bh6 25. Nde4 Bc6 26. Rd1 Bxe4
27. fxe4 Rc7 28. Rd5 Bf4 29. Kg1 Be3+ 30. Kf1 Bd4 31. a4 Bxc3 32. bxc3 Rxc3 33.
Rxe5 Rxc2 34. Rxe7 Ra2 35. Rxb7 Rxa4 36. e5 Rf4+ 37. Kg1 Re4 38. Re7 a5 39. Kf2
Kf8 40. Rxh7 Rxe5 41. Ra7 g5 42. Kf3 Ke8 43. Kg4 Kd8 44. Kh5 Kc8 45. g4 Kb8 46.
Rf7 a4 47. Rf5 Re7 48. Kxg5 Ra7 49. Rf1 a3 50. Kh6 a2 51. Ra1 Ra6+ 52. Kh5 Ra5+
53. g5 Kc8 54. Kh6 Kd8 55. g6 Ke8 56. g7 Kf7 57. Rf1+ Ke7 58. g8=Q a1=Q 59.
Rxa1 Rxa1 60. Qg7+ 1-0

[Event "DVM U14w 2012"]
[Site "Magdeburg GER"]
[Date "2012.12.28"]
[Round "4"]
[White "Hendus, Isabelle"]
[Black "Rudenko, Katharina"]
[Result "1-0"]
[Termination "normal"]
[Board "9.3"]
[WhiteElo "1290"]
[BlackElo "867"]
[WhiteTeam "SV Breitenworbis"]
[BlackTeam "Hamburger SK von 1830"]
[WhiteFideId "12964530"]
[EventCountry "GER"]
[EventRounds "7"]
[EventType "team-swiss"]
[EventDate "2012.12.26"]

1. e4 c5 2. Nc3 Nc6 3. Nge2 g6 4. g3 Bg7 5. d3 Nf6 6. Bg2 O-O 7. O-O e6 8. h3
d5 9. exd5 exd5 10. d4 Ne4 11. dxc5 Ne7 12. Nxe4 dxe4 13. Bxe4 Bxh3 14. Re1 Qc7
15. Qd6 Rac8 16. Be3 Nf5 17. Qxc7 Rxc7 18. Bxf5 Bxf5 19. c3 Rfc8 20. b4 Bd3 21.
Bf4 Bxe2 22. Rxe2 Rd7 23. Rd2 Rxd2 24. Bxd2 b6 25. cxb6 Bxc3 26. Bxc3 Rxc3 27.
b7 Kg7 28. b8=Q Ra3 29. Qe5+ Kh6 30. Kg2 Ra6 31. Rh1# 1-0

[Event "DVM U14w 2012"]
[Site "Magdeburg GER"]
[Date "2012.12.28"]
[Round "4"]
[White "Mao, Yvonne"]
[Black "Kolchugina, Lada"]
[Result "1/2-1/2"]
[Termination "normal"]
[Board "10.1"]
[WhiteElo "1180"]
[BlackElo "1162"]
[WhiteTeam "SK 1980 Gernsheim"]
[BlackTeam "SK Langen"]
[WhiteFideId "12942561"]
[BlackFideId "12929743"]
[EventCountry "GER"]
[EventRounds "7"]
[EventType "team-swiss"]
[EventDate "2012.12.26"]

1. e4 e5 2. Nf3 Nc6 3. Nc3 Nf6 4. a3 Bc5 5. Nxe5 Nxe5 6. d4 Bxd4 7. Qxd4 Nc6 8.
Qd3 O-O 9. Bg5 h6 10. Bh4 Ne5 11. Qd4 Ng6 12. Bxf6 Qxf6 13. Qxf6 gxf6 14. Nd5
Kg7 15. Nxc7 Rb8 16. O-O-O b6 17. Bc4 Ne5 18. Bb3 Bb7 19. f4 Rbc8 20. Nb5 Ng4
21. Rxd7 Bc6 22. Rxf7+ Rxf7 23. Bxf7 Bxb5 24. Be6 Nf2 25. Bxc8 Nxh1 26. Bg4 Nf2
27. Bf3 Bc6 28. Kd2 Nxe4+ 29. Ke3 1/2-1/2

[Event "DVM U14w 2012"]
[Site "Magdeburg GER"]
[Date "2012.12.28"]
[Round "4"]
[White "Flach, Helene"]
[Black "Le, Kim Anh"]
[Result "1/2-1/2"]
[Termination "normal"]
[Board "10.2"]
[WhiteElo "1096"]
[BlackElo "982"]
[WhiteTeam "SK Langen"]
[BlackTeam "SK 1980 Gernsheim"]
[WhiteFideId "12929735"]
[BlackFideId "12947342"]
[EventCountry "GER"]
[EventRounds "7"]
[EventType "team-swiss"]
[EventDate "2012.12.26"]

1. e4 c5 2. Nf3 e6 3. d4 cxd4 4. Nxd4 a6 5. Nc3 Be7 6. Be2 Qc7 7. Be3 b5 8. a3
Nf6 9. Bf3 Bb7 10. Qd2 d6 11. O-O Nbd7 12. Rfe1 Ne5 13. Qe2 Nc4 14. b3 Ne5 15.
Bd2 Nxf3+ 16. Qxf3 Rc8 17. Ra2 Qc5 18. Nde2 Rc7 19. Be3 Qc6 20. Rd1 Nxe4 21.
Nxe4 Qxe4 22. Qxe4 Bxe4 23. Rc1 O-O 24. f3 Bg6 25. Nf4 Bg5 26. Kf2 Bf5 27. g4
Bh4+ 28. Kg2 Bg6 29. Nxg6 fxg6 30. Rd1 Be7 31. Kg3 Rc6 32. Bd2 d5 1/2-1/2

[Event "DVM U14w 2012"]
[Site "Magdeburg GER"]
[Date "2012.12.28"]
[Round "4"]
[White "Nguyen, Julia"]
[Black "Lehnert, Anna-Victoria"]
[Result "1/2-1/2"]
[Termination "normal"]
[Board "10.3"]
[WhiteElo "1012"]
[BlackElo "791"]
[WhiteTeam "SK 1980 Gernsheim"]
[BlackTeam "SK Langen"]
[WhiteFideId "12964689"]
[BlackFideId "12957062"]
[EventCountry "GER"]
[EventRounds "7"]
[EventType "team-swiss"]
[EventDate "2012.12.26"]

1. e4 e5 2. Nf3 Nc6 3. Nc3 Nf6 4. Bc4 Nxe4 5. Nxe4 d5 6. Bb5 dxe4 7. Nxe5 Qf6
8. Nc4 Bc5 9. O-O Qg6 10. Re1 Bg4 11. Ne5 Bxd1 12. Nxg6 fxg6 13. Rxd1 O-O 14.
Rf1 Nd4 15. Bc4+ Kh8 16. c3 Nf5 17. d4 Bb6 18. Re1 Nd6 19. Bd5 Rae8 20. Bd2 Rf6
21. c4 c6 1/2-1/2

[Event "DVM U14w 2012"]
[Site "Magdeburg GER"]
[Date "2012.12.28"]
[Round "4"]
[White "Hietala, Netta"]
[Black "Le, Mai Linh Lisa"]
[Result "0-1"]
[Termination "normal"]
[Board "10.4"]
[WhiteElo "766"]
[BlackElo "871"]
[WhiteTeam "SK Langen"]
[BlackTeam "SK 1980 Gernsheim"]
[WhiteFideId "12964743"]
[BlackFideId "12964697"]
[EventCountry "GER"]
[EventRounds "7"]
[EventType "team-swiss"]
[EventDate "2012.12.26"]

1. e4 d5 2. d4 dxe4 3. Nc3 f5 4. Bc4 Nc6 5. Nge2 Nf6 6. Bf4 Bd7 7. O-O Na5 8.
b3 Nxc4 9. bxc4 e6 10. Nb5 Bxb5 11. cxb5 Nd5 12. c3 Be7 13. g3 O-O 14. Qb3 Bg5
15. Be5 e3 16. f4 Bh6 17. Rae1 b6 18. c4 Ne7 19. Qxe3 c6 20. Nc3 Qd7 21. a4 a6
22. Qe2 Rfc8 23. Rc1 axb5 24. axb5 cxb5 25. Nxb5 Nc6 26. Rfd1 Nxe5 27. Qxe5 g6
28. Qd6 Qf7 29. Qxb6 Rab8 30. Qa6 Bg7 31. Nd6 Qd7 32. Nxc8 Rxc8 33. d5 exd5 34.
Rxd5 Qe8 35. Rcd1 Rc6 36. Qb5 Bf6 37. Rd6 Qe3+ 38. Kg2 Rxd6 39. Rxd6 Qe2+ 40.
Kg1 Qe3+ 41. Kf1 Qf3+ 42. Ke1 Bc3+ 43. Rd2 Qe3+ 44. Kf1 Bxd2 45. c5 Qf3+ 46.
Kg1 Be3# 0-1